[Event "Master Open"]
[Site "Lausanne SUI"]
[Date "2000.06.01"]
[Round "2"]
[White "Fernandez Aguado,JL"]
[Black "Prie,E"]
[Result "0-1"]
[WhiteElo "2286"]
[BlackElo "2501"]

1.c4 c6 2.e4 d5 3.cxd5 cxd5 4.exd5 Nf6 5.Nc3 Nxd5 6.d4 e6 7.Nf3 Be7 8.Bd3 O-O
9.O-O Nc6 10.Re1 Bf6 11.Be4 Nce7 12.Ne5 Bd7 13.Ng4 Bc6 14.Qd3 Ng6 15.Nxf6+ Qxf6
16.Nxd5 Bxd5 17.Bxd5 exd5 18.g3 Rfe8 19.Bd2 Qc6 20.Rac1 Qd7 21.Qf3 Re6 22.Rxe6 fxe6
23.Qc3 Rf8 24.Qc7 Qb5 25.Qd6 Qe2 26.Be3 Qg4 27.Kf1 h6 28.Ke1 Qe4 29.Rc7 Qb1+
30.Kd2 Qxb2+ 31.Rc2 Qb5 32.Qxe6+ Kh7 33.h4 Rf6 34.Qc8 Ne7 35.Qc5 Qe8 36.g4 Ra6
37.Qc3 Nc6 38.Qd3+ Kg8 39.Qf5 Qf7 40.Qxf7+ Kxf7 41.Rb2 Na5 42.Kd3 b6 43.Bc1 Nc4
44.Re2 b5 45.Kc3 Rc6 46.Kb4 Nd6 47.Ba3 Rc4+ 48.Kb3 Ne4 49.Bb4 Rxd4 50.Re3 a5
51.Bxa5 Nc5+ 52.Kc2 Ra4 53.Bb6 Ne6 54.Rb3 Rxa2+ 55.Kc3 d4+ 56.Bxd4 Ra4 57.Be3 Rxg4
58.h5 Nc7 59.Kd3 Rh4 60.Ra3 Ne6 61.Ra7+ Kf6 62.Bc1 Rxh5 63.Bb2+ Kf5 64.Rf7+ Kg4
65.Ke3 Rh3+ 66.f3+ Kh5 67.Rf5+ Ng5 68.Bc3 Kg6 69.Rf4 Ne6 70.Rg4+ Kf7 71.Ke4 Ng5+
72.Kd5 Rxf3 73.Kd6 Rxc3  0-1

[Event "SVOLTA Open"]
[Site "Turin ITA"]
[Date "2000.06.02"]
[Round "6"]
[White "Sarno,S"]
[Black "Laketic,G"]
[Result "1/2-1/2"]
[WhiteElo "2391"]
[BlackElo "2456"]

1.c4 c6 2.Nf3 d5 3.b3 Bg4 4.Bb2 e6 5.g3 Bxf3 6.exf3 Nf6 7.Be2 Nbd7 8.O-O Be7
9.d4 O-O 10.Nd2 a5 11.Qc2 Qb8 12.f4 Rc8 13.f5 exf5 14.Qxf5 Re8 15.Bf3 Bb4
16.Qc2 a4 17.Bc3 Bxc3 18.Qxc3 axb3 19.axb3 Qd6 20.c5 Qe7 21.b4 Nf8 22.b5 cxb5
23.Rab1 Qd7 24.Bg2 Ne6 25.Nf3 Ra4 26.Rfe1 Rea8 27.Qd3 Ra3 28.Qf5 Nxc5 29.Qxd7 Ncxd7
30.Rxb5 b6 31.Ne5 Ra1 32.Rbb1 Rxb1 33.Rxb1 Nf8 34.Rxb6  1/2-1/2

[Event "NOR Team-ch"]
[Site "Oslo NOR"]
[Date "2000.06.03"]
[Round "4"]
[White "Ulrichsen,J"]
[Black "Storland,K"]
[Result "0-1"]
[WhiteElo "2251"]
[BlackElo "2273"]

1.c4 c6 2.Nc3 d5 3.cxd5 cxd5 4.d4 Nc6 5.Nf3 Nf6 6.e3 a6 7.Bd3 Bg4 8.O-O e6
9.b3 Rc8 10.Bb2 Bd6 11.Rc1 Bb8 12.Be2 Qd6 13.g3 Bh3 14.Re1 h5 15.Ne5 h4 16.f4 hxg3
17.hxg3 g5 18.Bf3 gxf4 19.gxf4 Bf5 20.Kg2 Qf8 21.Rh1 Qg7+ 22.Kf2 Ne4+ 23.Bxe4 dxe4
24.Rxh8+ Qxh8 25.Qh1 Qxh1 26.Rxh1 Nxe5 27.fxe5 Kd7 28.Rh2 Bc7 29.Ke2 Ba5
30.Kd2 b5 31.a3 b4 32.Na2 bxa3+ 33.Bc3 Bd8 34.Bb4 Rb8 35.Kc3 Bg5 36.Re2 Rh8
37.Bxa3 Rh3 38.Kd2 Bg4 39.Rg2 Bxe3+ 40.Kc2 Bf3 41.Rg7 Rh2+ 42.Kb1 Bh5 43.d5 exd5
44.Nc3 Bd4 45.Nxd5 Bxe5 46.Rg8 Bg6 47.Ne3 Bd4 48.Bc1 Rh3 49.Nc2 Rxb3+ 50.Ka2 Rc3
51.Nxd4 Rxc1 52.Ra8 Rc4 53.Ra7+ Kd8 54.Nb3 e3 55.Ra8+ Ke7 56.Ra7+ Kf8 57.Ra8+ Kg7
58.Re8 Re4 59.Rxe4 Bxe4 60.Nd4 f5 61.Kb2 Kf6  0-1

[Event "Bank Pocztowy Open"]
[Site "Bydgoszcz POL"]
[Date "2000.06.04"]
[Round "7"]
[White "Rashkovsky,N"]
[Black "Volkov,S"]
[Result "1-0"]
[WhiteElo "2523"]
[BlackElo "2582"]

1.c4 c6 2.Nf3 d5 3.e3 Nf6 4.b3 Bg4 5.Bb2 e6 6.Be2 Nbd7 7.O-O Bd6 8.Nc3 O-O
9.cxd5 exd5 10.Nd4 Bxe2 11.Ncxe2 Re8 12.Ng3 Bf8 13.d3 a5 14.a4 g6 15.Qc2 h5
16.Nf3 Ng4 17.h3 Nge5 18.Nxe5 Nxe5 19.f4 Nd7 20.e4 Qb6+ 21.Kh2 Qc5 22.Qe2 h4
23.Nh1 dxe4 24.dxe4 Qe7 25.Nf2 f5 26.Qf3 fxe4 27.Qg4 Qh7 28.f5 Qh5 29.fxg6 Qxg4
30.Nxg4 Re7 31.Rad1 Bg7 32.Rf7 Bxb2 33.Rxe7 Nf8 34.Nh6+  1-0

[Event "Open Victor Syre Mem"]
[Site "Issy Les Moulineaux FRA"]
[Date "2000.06.04"]
[Round "6"]
[White "Marcelin,C"]
[Black "Bergez,L"]
[Result "0-1"]
[WhiteElo "2439"]
[BlackElo "2424"]

1.c4 c6 2.e4 d5 3.exd5 cxd5 4.d4 Nf6 5.Nc3 Nc6 6.Bg5 Qb6 7.cxd5 Qxb2 8.Na4 Qb4+
9.Bd2 Qxd4 10.dxc6 Ne4 11.Be3 Qb4+ 12.Bd2 Nxd2 13.Qxd2 Qxa4 14.Rd1 f6 15.Ne2 bxc6
16.Nc3 Qa5 17.Bc4 e6 18.O-O Bb4 19.Rc1 O-O 20.Qe3 Kh8 21.Rfd1 f5 22.Qf3 Rb8
23.Ne2 Ba3 24.Rc3 Bb2 25.Rcd3 Qc5 26.Rd8 Bd7 27.Rxf8+ Rxf8 28.Qb3 Bc8 29.Nf4 Bd4
30.Bxe6 Bxf2+ 31.Kh1 Be3 32.Nd3 Bxe6 33.Nxc5 Bxb3 34.Nxb3 Kg8 35.Na5 c5 36.g3 Rb8
37.Nc4 Bd4 38.Kg2 Rb4 39.Rc1 Kf7 40.Kf3 Ke6 41.Ke2 Kd5 42.Kd3 g6 43.h3 h6
44.g4 f4 45.h4 h5 46.gxh5 gxh5 47.Rc2 Rb1 48.Rg2 Rd1+ 49.Kc2 Rg1  0-1

[Event "NOR Team-ch"]
[Site "Oslo NOR"]
[Date "2000.06.04"]
[Round "5"]
[White "Lauvsnes,A"]
[Black "Hole,O"]
[Result "1-0"]
[WhiteElo "2272"]
[BlackElo "2263"]

1.c4 c6 2.Nf3 d5 3.b3 Nf6 4.Bb2 Bf5 5.e3 e6 6.Be2 Nbd7 7.O-O h6 8.Nh4 Bh7
9.f4 Bd6 10.Nf3 O-O 11.Ne5 Qc7 12.d4 c5 13.Nc3 a6 14.cxd5 cxd4 15.exd4 Nxd5
16.Nxd5 exd5 17.Rc1 Qd8 18.Rc3 Nf6 19.f5 Re8 20.Rcf3 Rc8 21.a3 Qc7 22.Bd3 Qb6
23.Kh1 Bxa3 24.Bxa3 Qxd4 25.Ng6 Rc7 26.Bd6 Rd7 27.Rf4 Qe3 28.Bb4 Ne4 29.Bxe4 Rxe4
30.Rxe4 Qxe4 31.Re1  1-0

[Event "Parkroyal Int"]
[Site "Surfers Paradise AUS"]
[Date "2000.06.08"]
[Round "2"]
[White "Wohl,A"]
[Black "Saw,G"]
[Result "1-0"]
[WhiteElo "2438"]
[BlackElo "2264"]

1.c4 c6 2.Nf3 d5 3.e3 Nf6 4.Nc3 g6 5.d4 Bg7 6.Bd3 O-O 7.O-O Nbd7 8.Qc2 Qc7
9.cxd5 cxd5 10.Qb3 e6 11.Bd2 Nb8 12.Nb5 Qb6 13.Bb4 Rd8 14.Bc5 Qa5 15.Be7 Re8
16.Bb4 Qb6 17.Bc5 Qa5 18.Nd6 Rd8 19.Ne5 Ne4 20.Bb4 Qb6 21.Ndxf7 Bxe5 22.Nxe5 Nc6
23.Nxc6 bxc6 24.Qa3 a5 25.Be1 a4 26.f3 Nd6 27.Bg3 Nf5 28.Be5 Ra7 29.Rae1 Ba6
30.Bxa6 Qxa6 31.g4 Ne7 32.Rf2 Qb5 33.Rc1 Rb7 34.Rc5 Qb4 35.Qd3 Kf7 36.Kg2 Rb5
37.Rc3 Rd7 38.Rfc2 Rdb7 39.Qd2 Ke8 40.Kg3 Kd7 41.h3 Qa5 42.Ra3 Qxd2 43.Rxd2 Rb4
44.Rc2 Nc8 45.Rac3 Na7 46.Rc5 Rxb2 47.Rxb2 Rxb2 48.Ra5 Nb5 49.Rxa4 g5 50.h4 gxh4+
51.Kxh4 Rf2 52.Kg3 Re2 53.Kf4 Kc8 54.Ra8+ Kb7 55.Rh8 Rxa2 56.Rxh7+ Kb6 57.Re7  1-0

[Event "zt 1.9"]
[Site "Ordzhonikidze UKR"]
[Date "2000.06.11"]
[Round "3"]
[White "Eingorn,V"]
[Black "Goloshchapov,A"]
[Result "1/2-1/2"]
[WhiteElo "2597"]
[BlackElo "2561"]

1.c4 c6 2.Nf3 d5 3.e3 Nf6 4.d4 Bf5 5.cxd5 cxd5 6.Ne5 e6 7.Nc3 Nfd7 8.Bd3 Bxd3
9.Nxd3 Nc6 10.O-O Bd6 11.Bd2 O-O 12.Rc1 Qe7 13.h3 Rac8 14.Na4 b6 15.Nc3 Nf6
16.Qe2 Qb7 17.Rc2 Ne4 18.Rfc1 Nxd2 19.Qxd2 a6 20.Ne2 Na7 21.f3 Rxc2 22.Rxc2 Rc8
23.Kf2 Rxc2 24.Qxc2 Qc6 25.Qxc6 Nxc6 26.e4 Kf8 27.Ke3 dxe4 28.fxe4 Ke7 29.e5 Bc7
30.g4 f6 31.Ke4 fxe5 32.dxe5 Kd7 33.Nef4 Ke7 34.h4 Kf7 35.h5 Ke7 36.Nh3 Bb8
37.Ng5 h6 38.Nf3 Bc7 39.Nd4 Kd7 40.Nc2 Bb8 41.Ncb4 Nxb4 42.Nxb4 a5 43.Nc2 Bc7
44.Nd4 Bd8 45.a4 Bh4 46.Ne2 Bg5 47.Kd4 Kc6 48.Kc4 Be3 49.b3 Kc7 50.Kd3 Bg5
51.Ke4 Kd7 52.Nd4 Bd2 53.Nf3 Bg5 54.Nd4 Bd2 55.Nb5 Bb4 56.Nd4 Bd2  1/2-1/2

[Event "zt 1.9"]
[Site "Ordzhonikidze UKR"]
[Date "2000.06.15"]
[Round "7"]
[White "Romanishin,O"]
[Black "Goloshchapov,A"]
[Result "1-0"]
[WhiteElo "2578"]
[BlackElo "2561"]

1.c4 c6 2.Nf3 d5 3.d4 Nf6 4.Nc3 e6 5.g3 Nbd7 6.Qd3 Bd6 7.Bg2 O-O 8.O-O dxc4
9.Qxc4 e5 10.Be3 Nb6 11.Qd3 Ng4 12.Bc1 exd4 13.Qxd4 Qe7 14.Bg5 f6 15.Bf4 Ne5
16.Bxe5 fxe5 17.Qd3 Bf5 18.Ne4 Rad8 19.Qb3+ Kh8 20.Nxd6 Rxd6 21.Rad1 Rfd8
22.Rxd6 Rxd6 23.Qe3 e4 24.Nh4 Bd7 25.Qc5 Re6 26.Qa5 Nc8 27.Qc7 Nd6 28.Bh3 Be8
29.Qb8 Rf6 30.Qxa7 g5 31.Ng2 Bh5 32.g4 Bf7 33.Ne3 Qe5 34.Rd1 Qxb2 35.Rxd6 Rxd6
36.Qb8+ Bg8 37.Qxd6  1-0

[Event "TCh-POR"]
[Site "Aveiro POR"]
[Date "2000.06.16"]
[Round "3"]
[White "Silva,A"]
[Black "Baptista,P"]
[Result "1-0"]
[WhiteElo "2215"]
[BlackElo "2161"]

1.c4 c6 2.g3 d5 3.Bg2 Nf6 4.Nf3 Bg4 5.Ne5 Bc8 6.d4 e6 7.Nc3 Nbd7 8.O-O Bd6
9.Bf4 Qe7 10.e4 dxe4 11.Nxe4 Nxe4 12.Bxe4 O-O 13.Qe2 f5 14.Bg2 Nxe5 15.Bxe5 Bxe5
16.Qxe5 Qf6 17.Rfe1 Qxe5 18.Rxe5 Bd7 19.Rd1 Rae8 20.b4 Bc8 21.f4 g6 22.Kf2 Kg7
23.a4 a6 24.Bf3 Kf6 25.h4 Rd8 26.b5 axb5 27.axb5 cxb5 28.Rxb5 Rf7 29.Rb6 Rfd7
30.d5 Ke7 31.Rxe6+ Kf7 32.Rb6 Rd6 33.Rxd6 Rxd6 34.c5 Rd7 35.d6 Ke6 36.Re1+ Kf7
37.Re5 Kf8 38.Ke3 Kf7 39.Kd4 b6 40.Bc6 bxc5+ 41.Kxc5 Ra7 42.Re8 Be6 43.Ra8 Rxa8
44.Bxa8 Ke8 45.Kd4 Kd7 46.Ke5 Bb3 47.Bd5 Bd1 48.Be6+ Kd8 49.Kf6 Bh5 50.Kg7 Ke8
51.Kxh7 Kf8 52.Kh6 Ke8 53.Bxf5  1-0

[Event "Ordix Open"]
[Site "Frankfurt GER"]
[Date "2000.06.16"]
[Round "1"]
[White "Gurevich,M"]
[Black "Tischendorf,M"]
[Result "1-0"]
[WhiteElo "2694"]
[BlackElo "2220"]

1.c4 c6 2.Nf3 d5 3.e3 Nf6 4.Qc2 g6 5.b3 Bg7 6.Bb2 O-O 7.Be2 Bf5 8.d3 Nbd7
9.Nd4 dxc4 10.bxc4 Re8 11.Nxf5 Qa5+ 12.Nd2 Qxf5 13.e4 Qe6 14.d4 c5 15.d5 Qd6
16.O-O e5 17.Bc3 h5 18.Rab1 b6 19.Qd3 Nh7 20.Rbe1 Re7 21.Qc2 Rf8 22.Bd3 Bh6
23.Nf3 Rd8 24.g3 Bg7 25.Nh4 Ndf8 26.Qb2 Ne6 27.dxe6 Qxd3 28.exf7+ Rxf7 29.Qb3 Re8
30.Bb2 Qd6 31.Rd1 Qe6 32.Bc1 Ref8 33.Qd3 Qf6 34.Qe3 Re8 35.Rd5 Bf8 36.Kg2 Be7
37.Nf3 Bd6 38.Bb2 Bc7 39.Ne1 Nf8 40.Nd3 Nh7 41.Qe2 Ng5 42.f4 Ne6 43.Nxe5 Bxe5
44.Bxe5 Qe7 45.Qd3 g5 46.f5 Nc7 47.Bxc7 Qxc7 48.f6  1-0

[Event "XVIII Open"]
[Site "Andorra AND"]
[Date "2000.06.25"]
[Round "2"]
[White "Jirovsky,M"]
[Black "Avila Jimenez,J"]
[Result "1-0"]
[WhiteElo "2474"]
[BlackElo "2240"]

1.c4 c6 2.Nf3 d5 3.Qb3 Nf6 4.d4 dxc4 5.Qxc4 Bf5 6.g3 e6 7.Bg2 Nbd7 8.O-O Be7
9.Nc3 O-O 10.e3 Ne4 11.Nd2 Nxd2 12.Bxd2 e5 13.Ne2 Bf6 14.Bb4 Re8 15.Rfd1 exd4
16.Nxd4 Bxd4 17.Qxd4 Qg5 18.Bd2 Qg4 19.Bc3 Qxd4 20.Rxd4 Nc5 21.Rad1 Bc2 22.Rc1 Be4
23.b4 Bxg2 24.Kxg2 Na4 25.Rd7 Nxc3 26.Rxc3 Rab8 27.Rcd3 Kf8 28.Rc7 Re7 29.Rdd7 Rxd7
30.Rxd7 g6 31.g4 h6 32.a4 Kg7 33.f4 Kf6 34.e4 Ke6 35.Rc7 a5 36.bxa5 Ra8 37.Rxb7 Rxa5
38.Rb4 Rc5 39.h4 Rc3 40.g5 h5 41.Rb8 Rc4 42.Ra8 Kd6 43.Kf3 Rc3+ 44.Ke2 Rh3
45.Ra7 Ke6 46.Rc7 Rxh4 47.Rxc6+ Ke7 48.Rc7+ Ke6 49.a5 Rh2+ 50.Ke3 Ra2 51.Rc6+ Ke7
52.a6 h4 53.f5 gxf5 54.exf5 h3 55.Rh6 h2 56.a7 Rxa7 57.Rxh2 Ra3+ 58.Kf4 Ra4+
59.Kg3 Ra3+ 60.Kg4 Ra4+ 61.Kh5 Kf8 62.Rb2 Ra8 63.Kh6 Kg8 64.f6 Rc8 65.Rb7 Ra8
66.g6 fxg6 67.Kxg6 Kf8 68.Rh7  1-0

[Event "VII Open"]
[Site "Linares CHI"]
[Date "2000.06.25"]
[Round "4"]
[White "Lobos,M"]
[Black "Valenzuela,L"]
[Result "0-1"]
[WhiteElo "2218"]
[BlackElo "2419"]

1.c4 c6 2.Nc3 d5 3.cxd5 cxd5 4.d4 Nf6 5.e3 Nc6 6.Bd3 Bg4 7.Nge2 e6 8.Qb3 Rb8
9.O-O Bd6 10.f4 Bh5 11.Nb5 Be7 12.f5 exf5 13.Nf4 O-O 14.Nxh5 Nxh5 15.Rxf5 Nf6
16.Bd2 g6 17.Rf3 a6 18.Nc3 b5 19.Raf1 Na5 20.Qd1 Nc4 21.Bc1 Rc8 22.Qe1 Kg7
23.Qf2 Nd6 24.a3 Nfe4 25.Bxe4 dxe4 26.Rh3 f5 27.Qe2 Nf7 28.g4 Ng5 29.Rg3 Bd6
30.Rg2 Nf3+ 31.Kh1 Qh4 32.Bd2 fxg4 33.Nxe4 Nxh2 34.Rxh2 Rxf1+ 35.Kg2 Qxh2+
36.Kxf1 Qh1+  0-1

[Event "XVIII Open"]
[Site "Andorra AND"]
[Date "2000.06.26"]
[Round "3"]
[White "Georgiev,Vl"]
[Black "Ivanov,J"]
[Result "1/2-1/2"]
[WhiteElo "2538"]
[BlackElo "2440"]

1.c4 c6 2.Nf3 Nf6 3.d4 d5 4.cxd5 cxd5 5.Nc3 Nc6 6.Bf4 Bf5 7.e3 e6 8.Bd3 Bxd3
9.Qxd3 Bd6 10.Bxd6 Qxd6 11.O-O O-O 12.Rac1  1/2-1/2

[Event "AKN Open"]
[Site "Haarlem NED"]
[Date "2000.07.01"]
[Round "4"]
[White "Jolles,H"]
[Black "Blees,A"]
[Result "0-1"]
[WhiteElo "2244"]
[BlackElo "2402"]

1.c4 c6 2.g3 d5 3.Bg2 Nf6 4.Nf3 Bf5 5.b3 e6 6.d3 Nbd7 7.Bb2 h6 8.Nbd2 a5
9.a3 Qb8 10.O-O Bh7 11.Re1 Bc5 12.d4 Bd6 13.Rc1 O-O 14.Nb1 Re8 15.Nc3 Qa7
16.e3 Rad8 17.Qe2 Qb8 18.Red1 Ne4 19.Nxe4 Bxe4 20.Nd2 Bxg2 21.Kxg2 f5 22.f4 Nf6
23.Nf3 Re7 24.Qe1 Qa8 25.a4 Ne4 26.Bc3 Bc7 27.Ne5 Kh7 28.h4 Rg8 29.Qe2 Qe8
30.Rh1 g6 31.Be1 Kg7 32.Rb1 Kh8 33.b4 axb4 34.Rxb4 Bxe5 35.dxe5 c5 36.Rb6 Qxa4
37.Qb2 dxc4 38.Rxb7 c3 39.Bxc3 Rxb7 40.Qxb7 Qc2+ 41.Kh3 Nf2+  0-1

[Event "Equitable Card Invitational"]
[Site "Quezon City PHI"]
[Date "2000.07.01"]
[Round "2"]
[White "Mascarinas,R"]
[Black "Tu Hoang Thong"]
[Result "1/2-1/2"]
[WhiteElo "2415"]
[BlackElo "2515"]

1.c4 c6 2.Nf3 d5 3.b3 Bg4 4.e3 e6 5.Bb2 Nd7 6.h3 Bh5 7.Be2 Ngf6 8.O-O Be7
9.d3 O-O 10.Nbd2 Qc7 11.Rc1 Rad8 12.cxd5 exd5 13.Nd4 Bxe2 14.Qxe2 Rfe8 15.Nf5 Bf8
16.g4 g6 17.Ng3 Bg7 18.Rc2 Nf8 19.g5 N6d7 20.Bxg7 Kxg7 21.f4 Qb6 22.d4 c5
23.Nf3 Qe6 24.f5 Qxe3+ 25.Qxe3 Rxe3 26.dxc5 Ne5 27.Nxe5 Rxe5 28.b4 d4 29.Rf3 a5
30.a3 axb4 31.axb4 h6 32.gxh6+ Kxh6 33.Rd2 Re1+ 34.Kh2 Rb1 35.Ne4 Rxb4 36.Nd6 Rd7
37.fxg6 Nxg6 38.Nxf7+ Kh7 39.Nd6 b6 40.Ne4 Kh6 41.c6 Rc7 42.Rf6 d3 43.Nd6 Kh7
44.Nf5 Nf4 45.Rd6 Rb5 46.Ne3 Re5 47.Rd7+ Re7 48.Rxc7  1/2-1/2

[Event "Equitable Card Invitational"]
[Site "Quezon City PHI"]
[Date "2000.07.02"]
[Round "3"]
[White "Bitoon,R"]
[Black "Wang Lei"]
[Result "0-1"]
[WhiteElo "2436"]
[BlackElo "2495"]

1.c4 c6 2.e4 d5 3.cxd5 cxd5 4.exd5 Nf6 5.Nc3 Nxd5 6.d4 e6 7.Nf3 Nc6 8.Bd3 Be7
9.O-O O-O 10.a3 Nf6 11.Bc2 b6 12.Qd3 Bb7 13.Bg5 g6 14.Rad1 Nd5 15.Bh6 Re8
16.Ne4 Nf6 17.Rfe1 Rc8 18.Qe2 Nxe4 19.Bxe4 Na5 20.Bxb7 Nxb7 21.Qa6 Nd6 22.d5 exd5
23.Rxd5 Bf8 24.Be3 Qc7 25.Red1 Nf5 26.Bg5 Be7 27.h4 f6 28.Rd7 Red8 29.Qa4 Rxd7
30.Rxd7 Qc4 31.Qxc4+ Rxc4 32.Bd2 a5 33.Be3 Nxe3 34.Rxe7 Rc1+ 35.Kh2 Nf1+
36.Kh3 Rc2 37.b4 axb4 38.axb4 Rxf2 39.h5 gxh5 40.Nd4 Rf4 41.Rd7 Ne3 42.b5 Rg4
43.g3 f5 44.Rd6 h6 45.Nc6 h4 46.gxh4 f4 47.Ne5 Rg3+ 48.Kh2 Kg7 49.h5 Rg5
50.Nd3 Rxh5+ 51.Kg1 Rd5 52.Rxd5 Nxd5 53.Kf2 Kf6 54.Kf3 Kf5 55.Nf2 h5 56.Nd3 h4
57.Nf2 Nc7 58.Nd3 Ne6 59.Nb2 h3 60.Nc4 Nd4+ 61.Kf2 Kg4 62.Nxb6 f3 63.Nd5 h2
64.Ne3+ Kh3  0-1

[Event "ch-SWE"]
[Site "Orebro SWE"]
[Date "2000.07.03"]
[Round "2"]
[White "Akesson,R"]
[Black "Ingbrandt,J"]
[Result "0-1"]
[WhiteElo "2486"]
[BlackElo "2402"]

1.c4 c6 2.d4 d5 3.Nf3 Nf6 4.Qc2 dxc4 5.Qxc4 Bf5 6.g3 e6 7.Bg2 Be7 8.O-O O-O
9.Nc3 Nbd7 10.e3 Ne4 11.Nd2 Nxd2 12.Bxd2 e5 13.dxe5 Nxe5 14.Qf4 Qxd2 15.Qxf5 Qxb2
16.Na4 Qa3 17.Qxe5 Bf6 18.Qc5 Qxa4 19.Rab1 Rab8 20.Qf5 Bd8 21.h4 Qa5 22.Qxa5 Bxa5
23.Rb3 Rfc8 24.Rc1 Bb6 25.a4 Kf8 26.Ra1 Ba5 27.Rc1 Ke7 28.Rc5 Bb6 29.Rc4 Rd8
30.Re4+ Kf8 31.Bf3 Rd2 32.Rc4 Ra2 33.h5 h6 34.Rf4 Rd8 35.Rc3 Rb2 36.Bg4 Bc7
37.Rf5 Rb4 38.a5 Rxg4  0-1

[Event "Equitable Card Invitational"]
[Site "Quezon City PHI"]
[Date "2000.07.03"]
[Round "4"]
[White "Bitoon,R"]
[Black "Antonio,R"]
[Result "1/2-1/2"]
[WhiteElo "2436"]
[BlackElo "2551"]

1.c4 c6 2.e4 d5 3.cxd5 cxd5 4.exd5 Nf6 5.Nc3 Nxd5 6.d4 e6 7.Nf3 Be7 8.Bd3 Nc6
9.O-O Bf6 10.Be4 O-O 11.Re1 Nce7 12.Qd3 g6 13.Bh6 Bg7 14.Bxg7 Kxg7 15.Rac1 Bd7
16.Bxd5 exd5 17.Re5 f6 18.Re2 Rf7 19.Rce1 a6 20.Nh4 Bg4 21.Re3 Qd6 22.h3 Bd7
23.Qe2 Nc6 24.Nf3 b5 25.Nb1 Rc8 26.Nbd2 a5 27.Nb3 a4 28.Nc1 Nb4 29.Rc3 Re8
30.Qd2 Rxe1+ 31.Qxe1 Re7 32.Qf1 Qb6 33.Nd3 Nxd3 34.Qxd3 Bf5 35.Qd2 Be4 36.Nh2 h5
37.Nf1 Bb1 38.a3 Qd6 39.Rc5 Ba2 40.Ne3 f5 41.Nf1 Bc4 42.Nh2 Be2 43.Qc1 Qf6
44.Rc6 Re6 45.Rxe6 Qxe6 46.Qe3 Qe4 47.g3 Kf7 48.Qc3 Qb1+ 49.Kg2 Bc4 50.Qe3 Bd3
51.Qd2 g5 52.Qc3 Bc4 53.Qa5 Qe4+ 54.Nf3  1/2-1/2

[Event "World Open"]
[Site "Philadelphia USA"]
[Date "2000.07.04"]
[Round "9"]
[White "Yermolinsky,A"]
[Black "Zaremba,An"]
[Result "1-0"]
[WhiteElo "2601"]
[BlackElo "2337"]

1.c4 c6 2.b3 d5 3.Bb2 Nf6 4.e3 Bf5 5.Be2 e6 6.Nf3 Nbd7 7.Nh4 Bg6 8.d3 Bd6
9.Nd2 Ne5 10.Nxg6 Nxg6 11.h4 Be5 12.d4 Bd6 13.Qc2 Bb4 14.Bd3 Ne4 15.Ke2 Nxh4
16.Nf3 Nxf3 17.gxf3 Nf6 18.Bxh7 Rxh7 19.Rxh7 Nxh7 20.Qxh7 Bf8 21.Bc3 Qf6
22.Qd3 g6 23.a4 Qf5 24.c5 Qxd3+ 25.Kxd3 b6 26.cxb6 axb6 27.b4 b5 28.a5 Be7
29.Rh1 Bf6 30.e4 Kf8 31.e5 Bg7 32.Bd2 Kg8 33.Bg5 Rc8 34.Kc3 Re8 35.Kd3 Rc8
36.Bf6 Ra8 37.Kc2 Rc8 38.Kd3 Ra8 39.Ke3 Rc8 40.Kf4 Ra8 41.Kg5 Re8 42.Rc1 Kf8
43.Ra1 Ra8 44.Rh1 Kg8 45.Be7 Ra6 46.f4 Ra8 47.Rc1 Ra6 48.Bf6 Bf8 49.Rh1 Bg7
50.Bxg7 Kxg7 51.Rc1 Ra8 52.Rxc6 Rh8 53.Rb6 Rh2 54.Rxb5 Rxf2  1-0

[Event "FSIMA July"]
[Site "Budapest HUN"]
[Date "2000.07.06"]
[Round "6"]
[White "Hardicsay,P"]
[Black "Rasmussen,Ro"]
[Result "1/2-1/2"]
[WhiteElo "2310"]
[BlackElo "2139"]

1.c4 c6 2.e4 d5 3.exd5 cxd5 4.d4 Nf6 5.Nc3 e6 6.Bg5 Be7 7.Nf3 O-O 8.Bd3 dxc4
9.Bxc4 Nc6 10.O-O Qb6 11.Qd2 Bd7 12.Rad1 Rad8 13.h3 Bc8 14.Rfe1 Rfe8 15.a3 a6
16.Ba2 Qa5 17.Qc1 Qb6 18.d5 exd5 19.Nxd5 Nxd5 20.Bxd5 Kf8 21.Bxc6 Rxd1 22.Qxd1 Qxc6
23.Ne5 Qc7 24.Bf4 Qa5 25.b4 Qd8 26.Qh5 Be6 27.Rd1 Qc8 28.Qxh7 Bf6 29.Nd7+ Ke7
30.Nxf6 Kxf6 31.Qh4+ Kg6 32.Rd3 f6 33.Rg3+ Kf7 34.Qh5+ Kg8 35.Qg6 Qd7 36.Qxf6 Bc4
37.Be5 Re7 38.Qf4 Qd1+ 39.Kh2 Qd7 40.Qe3 Qd5 41.f4 Bf1 42.Rf3 Bc4 43.Rf2 Bd3
44.Qd4 Qb5 45.Qd6 Rf7 46.Qd8+ Rf8 47.Qd6 Rf7 48.Qd8+ Rf8 49.Qd6  1/2-1/2

[Event "FSIMA July"]
[Site "Budapest HUN"]
[Date "2000.07.07"]
[Round "7"]
[White "Zhao Xue"]
[Black "Erenburg,S"]
[Result "1-0"]
[WhiteElo "2373"]
[BlackElo "2325"]

1.c4 c6 2.d4 d5 3.cxd5 cxd5 4.Nc3 Nf6 5.Bf4 Nc6 6.Nf3 Ne4 7.e3 Nxc3 8.bxc3 g6
9.Bb5 Bg7 10.Ne5 Bd7 11.Bxc6 bxc6 12.O-O O-O 13.Qa4 f6 14.Nxd7 Qxd7 15.Bg3 e5
16.Rfd1 Rab8 17.c4 Qb7 18.Rac1 Rfc8 19.h3 Kh8 20.dxe5 fxe5 21.cxd5 cxd5 22.Rxc8+ Rxc8
23.Qa5 h5 24.Qxd5 Qe7 25.Qd7 Rc7 26.Qxe7 Rxe7 27.Rd6 Kh7 28.h4 Rb7 29.Ra6 Rb1+
30.Kh2 Rb7 31.e4 Rf7 32.f3 Bf6 33.Bf2 Bd8 34.Rxa7 Rxa7 35.Bxa7 Bxh4 36.Bb8 Bd8
37.Bxe5 Ba5 38.Bd6 Kg7 39.a3 Kf6 40.Bb4 Bc7+ 41.Kg1 Ke5 42.a4 g5 43.a5 g4
44.Kf2 h4 45.Bc3+ Kf4 46.Bd2+ Ke5 47.fxg4 Kxe4 48.g5 Kf5 49.a6 Bb8 50.Kf3 Ba7
51.Bf4  1-0

[Event "Staffordshire IM"]
[Site "Lichfield ENG"]
[Date "2000.07.09"]
[Round "4"]
[White "Hanley,C"]
[Black "Ernst,S"]
[Result "0-1"]
[WhiteElo "2231"]
[BlackElo "2392"]

1.c4 c6 2.Nf3 d5 3.e3 Nf6 4.b3 g6 5.Bb2 Bg7 6.Be2 O-O 7.O-O Bg4 8.d3 Nbd7
9.Nbd2 Re8 10.Ne5 Bxe2 11.Qxe2 Nxe5 12.Bxe5 Nd7 13.Bxg7 Kxg7 14.f4 e6 15.Rad1 Qf6
16.e4 Qb2 17.Qf2 Qxa2 18.f5 exf5 19.Qd4+ Nf6 20.cxd5 Qa6 21.dxc6 Rad8 22.Qc4 Qb6+
23.Kh1 Ng4 24.c7 Rc8 25.exf5 Nf2+ 26.Rxf2 Qxf2 27.Ne4 Qf4 28.Rc1 gxf5 29.Ng3 Qxc4
30.dxc4 Kg6  0-1

[Event "ch-NOR"]
[Site "Asker NOR"]
[Date "2000.07.10"]
[Round "4"]
[White "Dannevig,O"]
[Black "Gausel,E"]
[Result "0-1"]
[WhiteElo "2356"]
[BlackElo "2492"]

1.c4 c6 2.g3 d5 3.Bg2 Nf6 4.Nf3 e6 5.Qc2 Nbd7 6.O-O Bd6 7.d4 O-O 8.Bf4 Bxf4
9.gxf4 Qe7 10.Nbd2 c5 11.dxc5 Nxc5 12.Rac1 Bd7 13.b4 Nce4 14.Nxe4 dxe4 15.Ne5 Qxb4
16.Nxd7 Nxd7 17.Bxe4 Nf6 18.Rb1 Qd6 19.Bxb7 Qxf4 20.e3 Qg5+ 21.Kh1 Rab8 22.Rg1 Qe5
23.Rb5 Qc7 24.Qb2 g6 25.c5 Rfd8 26.a4 a6 27.Bxa6 Ne4 28.Rxb8 Rxb8 29.Bb5 Qxc5
30.f3 Nc3 31.Rc1 Rc8 32.Qd2 Qa3 33.Bf1 Rc5 34.Bb5 Kg7 35.Be8 Ne4 36.Qd4+ e5
37.Ra1 Rc1+  0-1

[Event "Canadian Open"]
[Site "Edmondton CAN"]
[Date "2000.07.11"]
[Round "5"]
[White "Spraggett,K"]
[Black "Schmitz,A"]
[Result "1-0"]
[WhiteElo "2501"]
[BlackElo "2140"]

1.c4 c6 2.Nf3 Nf6 3.b3 d5 4.Bb2 e6 5.g3 Be7 6.Bg2 O-O 7.O-O Ne4 8.Qc2 Ng5
9.Nxg5 Bxg5 10.d4 f5 11.Nd2 Bxd2 12.Qxd2 Nd7 13.a4 Nf6 14.a5 Ne4 15.Qc2 Qg5
16.e3 Rf6 17.Ba3 Rg6 18.Qe2 Qd8 19.Bb2 Bd7 20.f3 Nf6 21.e4 b6 22.e5 Ne8 23.axb6 Qxb6
24.Ra3 a6 25.f4 Bc8 26.Bc3 Bb7 27.Kh1 Qd8 28.Ba5 Qe7 29.Ra4 Rh6 30.Qd2 g5
31.fxg5 Rg6 32.Rb4 Rc8 33.Rb6 c5 34.dxc5 Ba8 35.c6 Rxc6 36.Rb8 Bb7 37.cxd5 Rc8
38.d6 Bxg2+ 39.Qxg2 Qd7 40.Rb7  1-0

[Event "29th ch-GRE Team"]
[Site "Athens GRE"]
[Date "2000.07.13"]
[Round "8"]
[White "Istratescu,A"]
[Black "Khenkin,I"]
[Result "1/2-1/2"]
[WhiteElo "2556"]
[BlackElo "2622"]

1.c4 c6 2.d4 d5 3.Nf3 Nf6 4.Qc2 dxc4 5.Qxc4 Bf5 6.g3 e6 7.Bg2 Nbd7 8.O-O Be7
9.e3 O-O 10.Qe2 c5  1/2-1/2

[Event "t-EuCh U18"]
[Site "Balatonlelle HUN"]
[Date "2000.07.14"]
[Round "6"]
[White "Eljanov,P"]
[Black "Kristjansson,S"]
[Result "1-0"]
[WhiteElo "2487"]
[BlackElo "2281"]

1.c4 c6 2.e4 d5 3.exd5 cxd5 4.d4 Nf6 5.Nc3 dxc4 6.Bxc4 e6 7.Nf3 Nc6 8.O-O Be7
9.Bg5 O-O 10.a3 a6 11.Qd3 b5 12.Ba2 b4 13.Na4 bxa3 14.bxa3 Qa5 15.Qc4 Qb5
16.Rfb1 Qxc4 17.Bxc4 h6 18.Bf4 Na5 19.Be2 Nd5 20.Bd2 Nc6 21.Nb6 Nxb6 22.Rxb6 Bd7
23.a4 Bf6 24.Be3 Ne7 25.Ne5 Bxe5 26.dxe5 Nd5 27.Rd6 Nxe3 28.fxe3 Ra7 29.a5 Rfa8
30.Rb6 Kf8 31.Kf2 Ke7 32.e4 Bc8 33.Rc1 Rd7 34.Ke3 Bb7 35.Rcb1 Ra7 36.Bc4 Rc7
37.R1b4 Bc8 38.Be2 Rc5 39.Rc4 Rac7 40.Kd4 Rxc4+ 41.Bxc4 Ra7 42.Rd6 Rd7 43.Kc5 Rc7+
44.Kb4 Rb7+ 45.Rb6 Kd8 46.Bd3 Kc7 47.Kc5 Ra7 48.Bc2 Bd7 49.Bd3 Bc8 50.g3 Ra8
51.Rd6 Ra7 52.Be2 Ra8 53.Bh5 g6 54.Be2 Ra7 55.Bd3 Ra8 56.Rc6+ Kd7 57.Bc2 Ra7
58.Ba4 Kd8 59.Rd6+ Ke7 60.Bc6  1-0

[Event "Golden Cleopatra Open"]
[Site "Cairo EGY"]
[Date "2000.07.14"]
[Round "4"]
[White "El Ghazali,Y"]
[Black "Rausis,I"]
[Result "1/2-1/2"]
[WhiteElo "2386"]
[BlackElo "2486"]

1.c4 c6 2.Qa4 Nf6 3.Nc3 g6 4.g3 Bg7 5.Bg2 O-O 6.e4 d6 7.Nge2 Nbd7 8.d3 b5
9.cxb5 cxb5 10.Nxb5 Nc5 11.Qc2 Qa5+ 12.Nec3 Ba6 13.b4 Qxb4 14.Rb1 Qa5 15.O-O Rab8
16.Bd2 Rfc8 17.a4 Qd8 18.d4 Ne6 19.Qd3 Nd7 20.Be3 Nb6 21.Rfc1 Qd7 22.Qd1 Nc4
23.Nd5 Nxe3 24.fxe3 Rxc1 25.Qxc1 Bh6 26.Qc6 Bxe3+ 27.Kh1 Qxc6 28.Nxe7+ Kg7
29.Nxc6 Rb7 30.d5 Nc7 31.Bf1 Bc5 32.Bd3 Bxb5 33.axb5 a6 34.Nd8 Rb8 35.Nc6 Rb6
36.bxa6 Rxb1+ 37.Bxb1 Nxa6 38.Kg2 Bb6  1/2-1/2

[Event "10th It"]
[Site "Lippstadt GER"]
[Date "2000.07.14"]
[Round "9"]
[White "Schlosser,P"]
[Black "Mueller,Ka"]
[Result "0-1"]
[WhiteElo "2523"]
[BlackElo "2513"]

1.c4 c6 2.d4 d5 3.Nc3 Nf6 4.e3 a6 5.Qc2 b5 6.b3 e6 7.Nf3 Nbd7 8.Bd3 Bd6 9.O-O O-O
10.e4 dxc4 11.bxc4 e5 12.d5 bxc4 13.Bxc4 Nb6 14.Bb3 cxd5 15.exd5 Bg4 16.Qd3 Nbd7
17.Bg5 h6 18.Bh4 Nc5 19.Qe3 Re8 20.Nd2 Nxb3 21.axb3 Nxd5 22.Nxd5 Qxh4 23.Ne4 Bb8
24.Ra4 f5 25.h3 Ba7 26.Nc5 Qd8 27.hxg4 Qxd5 28.b4 f4 29.Qe4 Qxe4 30.Nxe4 Rec8
31.Kh2 Bd4 32.f3 Rc2 33.Rd1 Rb8 34.Rd2 Rc1 35.Rda2 a5 36.Rxa5 Rxb4 37.Nd2 Bg1+
38.Kh3 Be3 39.Ne4  0-1